Detalles MARC
| 000 -LIDER |
| fixed length control field |
01144nam a22003137a 4500 |
| 001 - NÚMERO DE CONTROL |
| Identificador de número de control |
000639 |
| 003 - IDENTIFICACDOR DE NÚMERO DE CONTROL |
| control field |
DO-SdBPM |
| 005 - DATE AND TIME OF LATEST TRANSACTION |
| control field |
20250321130839.0 |
| 007 - CAMPOS FIJOS DE DESCRIPCIÓN FÍSICA |
| fixed length control field |
000639 |
| 008 - ELEMENTOS DE LONGITUD FIJA |
| fixed length control field |
161104b2009 uy a|| 00| 0 spa d |
| 020 ## - ISBN |
| International Standard Book Number |
9789707704824 |
| 040 ## - FUENTE DE CATALOGACIÓN |
| Agencia que crea de manera original el registro |
DO-SdBPM |
| Idioma de catalogación |
spa |
| Agencia que realiza la transcripción |
BPMSU |
| 082 #4 - NÚMERO DE CLASIFICACIÓN DECIMAL DE DEWEY |
| Classification number |
863.6 |
| Item number |
A454h 2009 |
| Edition number |
22 |
| 092 ## - LOCALLY ASSIGNED DEWEY DECIMAL CALL NUMBER |
| Feature heading |
|
| 100 1# - ASIENTO PRINCIPAL -- NOMBRE PERSONAL |
| Nombre personal |
Alonso, Fernando, |
| Fechas asociadas con el nombre |
1941- |
| 245 13 - MENCIÓN DE TITULO |
| Título |
El hombrecito vestido de gris y otros cuentos / |
| Mención de responsabilidad |
Fernando Alonso ; ilustraciones de Ulises Wensell. |
| 250 ## - MENCIÓN DE EDICION |
| Mención de edición |
|
| 260 ## - PUBLICACIÓN, DISTRIBUCIÓN, ETC. (PIE DE IMPRENTA) |
| Lugar de publicación, distribución, etc |
Uruguay : |
| Nombre del editor, distribuidor, etc. |
Alfaguara, |
| Fecha de publicación, distribución, etc |
2009. |
| 300 ## - DESCRIPCIÓN FÍSICA |
| Extensión |
93 p. : |
| Otros detalles físicos |
il. ; |
| Dimensiones |
19 cm. |
| 490 0# - MENCIÓN DE SERIES |
| Mención de serie |
Alfaguara infantil |
| 500 ## - NOTA GENERAL |
| Nota general |
|
| 500 ## - NOTA GENERAL |
| Nota general |
Tercera reimpresión: marzo de 2009. |
| 505 ## - NOTA DE CONTENIDO |
| Título |
El hombrecito vestido de gris -- |
| -- |
El barco de plomo -- |
| -- |
Los árboles de piedra -- |
| -- |
El viejo reloj -- |
| -- |
El barco en la botella -- |
| -- |
El guardián de la torre -- |
| -- |
El espantápajaros y el bailarín -- |
| -- |
La pajarita de papel. |
| 590 ## - NOTA LOCAL |
| Texto de la nota local |
Inventariado, 2025/VM |
| 650 ## - ENCABEZAMIENTO DE MATERIA--TEMÁTICO |
| Término temático o nombre geográfico como elemento de entrada |
Cuentos juveniles españoles |
| 700 1# - ASIENTO SECUNDARIO -- NOMBRE PERSONAL |
| Nombre personal |
Wensell, Ulises, |
| Fechas asociadas con el nombre |
1945- |
| Mención de responsabilidad |
ilustración |
| 910 ## - VALIDACIÓN |
| Validación |
LOPEREZ/ VMateo V. Control de caldiad. BPMSU |
| 942 ## - ADDED ENTRY ELEMENTS (KOHA) |
| Source of classification or shelving scheme |
Dewey Decimal Classification |
| Koha item type |
Libros |